| 000 | 01077cam a2200157 4500500 | ||
|---|---|---|---|
| 005 | 20260208005929.0 | ||
| 041 | _afre | ||
| 042 | _adc | ||
| 100 | 1 | 0 |
_aLascar, Alex _eauthor |
| 245 | 0 | 0 | _aL’Évanouissement. Textes réunis par PAULE PETITIER. Revue des Sciences Humaines, 275,3/2004, Presses de l’Université CharlesdeGaulleLille 3,2004. Un vol. 16 × 24 de 204 p. |
| 260 | _c2008. | ||
| 500 | _a55 | ||
| 520 | _aLe 9 avril 1845 Victor Hugo écrit au représentant du roi de Suède à Paris, le comte G. C. F. Löwenhjelm en lui confiant deux exemplaires de Notre-Dame de Paris destinés au roi Oscar Ier et au secrétaire perpétuel de l’Académie suédoise, Bernhard von Beskow. Par sa date et son contenu, cette lettre se rattache à la correspondance de Hugo avec Beskow publiée dans le numéro précédent de la RHLF. | ||
| 786 | 0 | _nRevue d'histoire littéraire de la France | 107 | 4 | 2008-02-01 | p. 957zc-1012zc | 0035-2411 | |
| 856 | 4 | 1 | _uhttps://shs.cairn.info/revue-d-histoire-litteraire-de-la-france-2007-4-page-957zc?lang=fr&redirect-ssocas=7080 |
| 999 |
_c1654414 _d1654414 |
||